| 000 | 01051nam a22002537a 4500 | ||
|---|---|---|---|
| 005 | 20170124102946.0 | ||
| 010 | _aB-043857 | ||
| 020 | _c200.00 | ||
| 035 | _aB-043857 | ||
| 037 | _bCen Lib/Ret | ||
| 040 |
_aDPL _bHN |
||
| 082 |
_a821 _bनिशांत |
||
| 100 |
_aनिशांतकेतु _943304 |
||
| 245 |
_aतव्चा पर जो लिखे आखर / _cनिशांतकेतु |
||
| 246 |
_aTavcha par jo likhr aakhar / _bby Nishantketu |
||
| 260 |
_aनई दिल्ली _bसीमांत प्रकाशन _c2000 |
||
| 270 |
_bनई दिल्ली _a922, कूचा रोहेल्ला, दरियागंज _e110002 |
||
| 300 |
_a155पृ. _c21सेमी(सजिल्द) |
||
| 650 |
_aहिंदी साहित्य _949810 |
||
| 650 |
_aहिंदी साहित्य -- कविता _93490 |
||
| 650 |
_aHindi literature _949811 |
||
| 650 |
_aHindi literature -- Poetry _949812 |
||
| 942 |
_2ddc _cHN _h821 _mनिशांत |
||
| 999 |
_c112938 _d112938 |
||